01019cam a22002775a 4500001001400000003000400014005001700018008004100035020001800076040003800094082002100132245008300153250001200236260003500248300003200283500002700315500002400342504004100366506006200407650003900469653001900508700003500527942000800562999001700570952015400587ssj0001540013OSt20160509110528.0150811t2016 moua frbd 001 0 eng d a9780323297622 aDNLMbengcDNLMdWaSeSSdEG-ScBUE04222a617.605bPRI00aPrinciples and practice of laser dentistry /c[edited by] Robert A. Convissar. a2nd ed. aMissouri :bElsevier,cc.2016. ax, 311 p. :bill. ;c28 cm. aGlossary : p. 301-302. aIndex : p. 303-311. aIncludes bibliographical references. aAvailable on campus and off campus with authorized login. 7aLasers in dentistry.2BUEsh939935 bDDentcMay20161 aConvissar, Robert A.,eeditor. 2ddc c21709d21681 00102ddc40708AlahramaMAINbMAINc1STd2016-05-09ePurchaseg1824.00l1m17o617.605 PRIp000032445r2025-07-15 00:00:00s2016-09-25v2280.00yBB